00706nam a2200241 a 4500001001300000003000900013005001700022008004100039020001000080082001600090100003000106245002500136260003100161300000900192500003500201505004100236650001100277700003000288902000800318942000700326952011600333999001500449nice12345678IN_TiNIC20260116011626.0050524s1044 egya grp 000 0 ara  ac10000a297.4bQAS2 aQasheeri Ali, Abu`l-Qasim aRisalatul Qasheeriya aEgyptbNo Publishersc1044 a186p aincludes index and biblioraphy2 a12 Volumes in Bounded in Six Volumes aSufism1 aQasheeri Ali, Abu`l-Qasim bRBA cBK 001040708RareBook->aHMIbHMId2007-09-27g100.00l0o297.4 QAS2p04671r2007-09-27v100.00w2005-05-24yBK c2960d2960